000 00527nam a2200169Ia 4500
003 IN-BaIIA
008 211028s9999 xx 000 0 eng d
040 _cIIA Library
080 _a530.1
_bWHI
100 _aWhittaker, Edmund
_93560
245 0 _aFrom Euclid to Eddington
_ba study of conceptions of the external world
_cEdmund Whittaker
260 _aNew York
_c1958
300 _aix, 212p.
650 _aAstronomy and astrophysics thesaurus
650 _aPhysics
_973
942 _cBK
999 _c1855
_d1855